Großstädte Norwegens - Statistiken

Allgemein
  • Dieses Quiz wurde 224 mal gespielt
  • Das Durchschnittsergebnis liegt bei 4 aus 6
Antwortstatistiken
Region Einwohner Stadt % Korrekt
Østlandet 907 k Oslo
100%
Vestlandet 235 k Bergen
96%
Trøndelag 165 k Trondheim
90%
Vestlandet 198 k Stavanger/Sandnes
60%
Østlandet 100 k Drammen
30%
Østlandet 104 k Fredrikstad/Sarpsborg
11%
Keine übereinstimmenden Quizze gefunden
Verteilung der Resultate
Anzahl Personen mit jedem Resultat
Perzentil nach korrekt beantworteten Fragen
Ihre Resultats-Entwicklung
Sie haben dieses Quiz noch nicht gespielt